000 00347nam a2200145Ia 4500
005 20251222153533.0
008 251222s9999||||xx |||||||||||||| ||spa||
020 _a97884162898107
082 _a861/O78
100 _aCorchero Rubio, José Alberto
245 0 _aCálculo de Estructuras:
250 _a4ta.ed.
264 _bDextra
942 _cLIB
999 _c30144
_d30144